000 01227cam a22001934a 4500
005 20250605164205.0
008 250528s ||||||||||||||||||||||||d
035 _a19916
020 _a9603512591
040 _aGR-AtMCL
_bgre
_dGR-AtMCL
_eAACR2
245 1 _aΠρογραμματισμός σε Περιβάλλον Παραθύρων Windows 98/NT / Εισαγωγή στη Μικροπληροφορική Windows 98/NT DOS ++ (Για MS Windows)
260 _bΑ.Σταμουλης,
_c1999
300 _a360
520 _aΈνα εισαγωγικό βιβλίο στη Μικροπληροφορική, δηλαδή στην τεχνολογία των Μικροϋπολογιστών και του βασικού περιβάλλοντος εργασίας τους, τα Windows 98. Εισαγωγή στη Πληροφορική, Βασικά συστατικά παραθύρων, Εκτέλεση προγραμμάτων, Explorer και Επεξεργασία Αρχείων, Δίκτυα και Διαδίκτυα και Παράθυρα, Ειδικά Θέματα.
700 1 _aΠαναγιωτόπουλος Ιωάννης Χρήστος Π
_96062
942 _cBK
999 _c5158
_d5158